000
00348nam a2200145Ia 4500
008
221030s9999 xx 000 0 und d
041
_a
English
082
_a
105.23
100
_a
P. C. Wren
245
0
_a
High School English Grammar & Composition
_c
by P. C. Wren , H. Martin
260
_c
0
650
_a
B
700
_a
H. Martin
942
_c
BK
999
_c
12535
_d
12535